000 00755nam a22002177a 4500
003 UA-OsUOA
001 96460
007 ta
008 20130319b un ||||| |||| 00| 0 ukr d
100 _aЯмчук П.
090 _a101
_bЯ58
942 _cSA
040 _aUA-OsUOA
_bukr
_cUA-OsUOA
_dUA-OsUOA
245 _aХристиянсько-гуманістична діяльність В.Г. Короленка доби радикального постпросвітництва: духовна й буттєва ретроспкція у аксіологічному сприйнятті ХХІ ст.
300 _aС.89-101
955 _a0
041 _aukr
080 _a101
773 0 _w96448
650 7 _a1 Філософські науки
_2UDC
999 _c382718
_d382718